| 000 | 00597nam a2200181Ia 4500 | ||
|---|---|---|---|
| 008 | 090630s9999 xx 000 0 und d | ||
| 082 | _b11474 | ||
| 100 | _aओक विश्वनाथ. | ||
| 245 |
_aजादूचा कोट. _cओक विश्वनाथ. |
||
| 260 |
_bगुरु पब्लिकेशन. _c1991 |
||
| 300 | _a64 | ||
| 600 | _aओक विश्वनाथ. | ||
| 630 | _aजादूचा कोट. | ||
| 655 | _aबालवाङमय. | ||
| 700 | _aओक विश्वनाथ. | ||
| 730 | _aजादूचा कोट. | ||
| 942 | _cBOOK | ||
| 999 |
_c263330 _d263330 |
||